01710nam a2200349 i 4500001001000000003000900010005001700019007000300036008004100039040003000080041000800110082002500118100005600143245003900199264004100238300002800279336002700307337003300334338002800367590002600395650005400421650006100475650003300536651008400569910003800653942001400691952013200705952012600837952013200963952024801095999001701343000012324DO-SdBNP20260304124929.0ta091111t1962 dr r 000 0dspa d aDO-SdBNPbspacBNPHUerda hspa74a365.45092bF385p2221 aFerreras, Ramón Alberto,d193?-1993eautor92899010aPreso /cRamón Alberto Ferreras. aSanto Domingo :bLa Nación,c1962. a286 páginas ;c20 cm. ardacontentbtexto2txt ardamediabsin mediación2n ardacarrierbvolumen2nc aInventariado, 2025/DG 4aPresos políticoszRepública Dominicana928991 4aPersecuciones políticaszRepública Dominicana928992 0aViolencia política 928993 4aRepública DominicanaxPolítica Y GobiernoyERA DE TRUJILLO, 1930-196191374 aValidado. Control de calidad. EMS 2ddccLBS1 00102ddc56708RVaBNPHUbBNPHUcHDd2011-06-08l0oBNPHU DS-RV 365.45092 F385pp12324-30r2020-06-25te. 3w2020-06-25yLBS1 00102ddc51708RVaBNPHUbBNPHUcHDd2009-11-11l0oBNPHU PD-RV 365.45092 F385pp12324-10r2020-06-25w2020-06-25yLBS1 00102ddc51708RVaBNPHUbBNPHUcHDd2011-06-08l0oBNPHU PD-RV 365.45092 F385pp12324-20r2020-06-25te. 2w2020-06-25yLBS1 00102ddc56708DSaBNPHUbBNPHUcCTd2025-02-11eDonado por la Presidencia de la República Dominicana 2023l0oBNPHU DS 365.45092 F385pp2025-0929r2025-02-11te.4w2025-02-11yLBS1zPertenecio a la biblioteca de René Rodríguez Soriano c11981d11981